Parties du corps - Statistiques

Statistiques générales
  • Ce quiz a été pris 331 fois
  • Le résultat moyen est 4 sur 6
Statistiques - réponses
Par images Réponse % Correct
bouche
99%
oreille
96%
nez
95%
yeux
92%
doigts
46%
change
1%
Aucun quiz correspondant
Distribution des résultats
% des personnes avec chaque résultat
Percentile par nombre de réponses
Votre historique - résultats
Vous n’avez pas pris ce quiz